000 00604nam a22001937a 4500
999 _c182361
_d182361
005 20211111114000.0
010 _aUR-11321
020 _c300.00
_a9789390789177
035 _aU-9876
037 _bDBAD/PUB
082 _aک
100 _aر ينو بہل
245 _aڈ و بتی نسليں(ا فسا نو ی مجمو عہ)
_cر ينو بہل
246 _aDubtee Naslein (Urdu)
_bby Renu Behl
260 _aN.Delhi
_c2021ء
_bEducational Publishing House
270 _aD1/16,Ansari Road,Darya Ganj,
_bNew Delhi
_e110002
_l -
300 _a232 ص
_c22 Cm(Hb)
942 _2ddc
_cUR
_hک
_mرے ن